MARC details
| 000 -LEADER |
| campo de control de longitud fija |
01147nam a22003257a 4500 |
| 001 - NÚMERO DE CONTROL |
| campo de control |
001940 |
| 003 - IDENTIFICADOR DE NÚMERO DE CONTROL |
| campo de control |
CoMeUDC001940 |
| 005 - FECHA Y HORA DE LA ÚLTIMA TRANSACCIÓN |
| campo de control |
20181218224151.0 |
| 008 - DATOS DE LONGITUD FIJA--INFORMACIÓN GENERAL |
| campo de control de longitud fija |
130821s2002 ck gr spa |
| 020 ## - NÚMERO INTERNACIONAL ESTÁNDAR DEL LIBRO |
| Número Internacional Estándar del Libro |
9586835421 |
| 040 ## - FUENTE DE CATALOGACIÓN |
| Centro catalogador/agencia de origen |
Co-BoUCM |
| Lengua de catalogación |
spa |
| Centro/agencia transcriptor |
CoMeUDC |
| 041 00 - CÓDIGO DE IDIOMA |
| Código de lengua del texto/banda sonora o título independiente |
spa |
| 060 ## - SIGNATURA TOPOGRÁFICA DE LA NATIONAL LIBRARY OF MEDICINE |
| Número de clasificación |
W 32.5 |
| 082 04 - NÚMERO DE LA CLASIFICACIÓN DECIMAL DEWEY |
| Número de clasificación |
346.03 |
| Información de edición |
20 |
| Número de ítem |
J37r |
| 100 ## - ENTRADA PRINCIPAL--NOMBRE DE PERSONA |
| Nombre de persona |
Jaramillo J. Carlos Ignacio |
| 245 00 - MENCIÓN DEL TÍTULO |
| Título |
Responsabilidad civil médica La relación médico-paciente |
| Resto del título |
análisis doctrinal y jurisprudencial / |
| Mención de responsabilidad, etc. |
Carlos Ignacio Jaramillo J. |
| 260 ## - PUBLICACIÓN, DISTRIBUCIÓN, ETC. |
| Lugar de publicación, distribución, etc. |
Bogotá (Colombia) : |
| Nombre del editor, distribuidor, etc. |
Universidad Javeriana, |
| Fecha de publicación, distribución, etc. |
2002. |
| 300 ## - DESCRIPCIÓN FÍSICA |
| Extensión |
528 páginas |
| 490 ## - MENCIÓN DE SERIE |
| Mención de serie |
Colección Ensayos |
| Designación de volumen o secuencia |
8 |
| 504 ## - NOTA DE BIBLIOGRAFÍA, ETC. |
| Nota de bibliografía, etc. Nota |
Incluye Apéndice Legislativo y Jurisprudencial actualizado |
| 650 04 - PUNTO DE ACCESO ADICIONAL DE MATERIA--TÉRMINO DE MATERIA |
| Término de materia o nombre geográfico como elemento de entrada |
Derecho civil |
| 9 (RLIN) |
12711 |
| 650 04 - PUNTO DE ACCESO ADICIONAL DE MATERIA--TÉRMINO DE MATERIA |
| Término de materia o nombre geográfico como elemento de entrada |
Ética |
| 650 04 - PUNTO DE ACCESO ADICIONAL DE MATERIA--TÉRMINO DE MATERIA |
| Término de materia o nombre geográfico como elemento de entrada |
Ética médica |
| 650 04 - PUNTO DE ACCESO ADICIONAL DE MATERIA--TÉRMINO DE MATERIA |
| Término de materia o nombre geográfico como elemento de entrada |
Médico y paciente |
| 9 (RLIN) |
19210 |
| 650 04 - PUNTO DE ACCESO ADICIONAL DE MATERIA--TÉRMINO DE MATERIA |
| Término de materia o nombre geográfico como elemento de entrada |
Médicos |
| Subdivisión general |
Ética profesional |
| 9 (RLIN) |
19211 |
| 650 04 - PUNTO DE ACCESO ADICIONAL DE MATERIA--TÉRMINO DE MATERIA |
| Término de materia o nombre geográfico como elemento de entrada |
Responsabilidad civil |
| 9 (RLIN) |
23668 |
| 650 04 - PUNTO DE ACCESO ADICIONAL DE MATERIA--TÉRMINO DE MATERIA |
| Término de materia o nombre geográfico como elemento de entrada |
Responsabilidad médica |
| 9 (RLIN) |
23682 |
| 710 ## - ENTRADA AGREGADA--NOMBRE DE ENTIDAD CORPORATIVA |
| Nombre de entidad corporativa o nombre de jurisdicción como elemento de entrada |
Pontificia Universidad Javeriana. bFacultad de Ciencias Jurídicas |
| 942 ## - ELEMENTOS DE ENTRADA SECUNDARIOS (KOHA) |
| Tipo de ítem Koha |
Libros |
| Código de la institución [OBSOLETO] |
8 |
| Edición |
1 |
| Sufijo de la signatura |
J37r |
| Fuente del sistema de clasificación o colocación |
Clasificación Decimal Dewey |
| Parte de la signatura que corresponde a la clasificación (Parte de la clasificación) |
346.03 |